LEADER 01304nam a2200277 u 4500 001 000000017837 003 CaOOAMICUS 005 20070226110615.0 008 950220s1938 it u000 u ita u 035 $a10415628 040 $aPUL(R)$bita 100 1 $aGonella, Guido,$d1905-1982.$0(OLS)http://pul/name/3766 245 13$aLa nozione di bene comune /$cGuido Gonella. 260 $aMilano :$bGiuffrè,$c1938. 300 $a70 p. ;$c25 cm 490 1 $aPubblicazioni dell'Istituto di filosofia del diritto dell'Università di Roma ;$v8 504 $aBibliografia in nota. 650 4$aSociologia$xDiritto.$0(OLS)http://pul/subject/11241 650 4$aBene comune.$0(OLS)http://pul/subject/12547 710 2 $aUniversità degli studi di Roma "La Sapienza".$bIstituto di filosofia del diritto.$0(OLS)http://pul/name/3767 830 0$aPubblicazioni dell'Istituto di filosofia del diritto dell'Università di Roma ;$v8.$0(OLS)http://pul/title/5270 850 $aPUL 852 $aPUL$W1$xDP2 Diritto e Scienze Sociali 1$y65$m237 D 45$j25120$nBK-PRI$aRistampa del 1959.$qStampati$B25120$CPULBib$Z2$F25120 $H21746 $82 941 1 $a8 996 $6245$aLa nozione di bene comune$9(OLS)http://pul/title/25511 996 $6260$aMilano :$bGiuffrè$9(OLS)http://pul/publisher/48401 LEADER 01556nam a2200277 u 4500 001 000000046764 003 CaOOAMICUS 005 20070226114817.0 008 990720s1950 it u000 u ita u 035 $a10830257 040 $aBSR$bita 100 1 $aVerardo, Raimondo,$cO.P.$0(OLS)http://pul/name/34035 245 13$aLa fecondazione artificiale della donna sotto l'aspetto della morale naturale :$bla fecondazione artificiale, considerata nei suoi vari procedimenti, é conforme o contraria a natura? (Rilievi critici a proposito di recenti pubblicazioni sull'argomento) /$cP. R. Verardo, O.P. 260 $aTorino :$bL.I.C.E.,$c1950. 300 $a91 p. ;$c21 cm 490 1 $aQuaderni di Medicina e morale ;$v9 500 $aEstratto da: Medicina e morale, anno XXIV (1949), nn. 4,5,6,7,8. 504 $aBibliografia in nota. 650 4$aProcreazione artificiale.$0(OLS)http://pul/subject/19802 830 0$aQuaderni di Medicina e morale ;$v9.$0(OLS)http://pul/title/62962 850 $aPUL 852 $aPUL$W1$xSL Religione 1$y3$m39 D 75$j62603$nBK-PRI$b $qStampati$B62603$CPULBib$Z2$F62603 $H $81 941 1 $a8 961 $aINV: 49271 996 $6245$aLa fecondazione artificiale della donna sotto l'aspetto della morale naturale :$bla fecondazione artificiale, considerata nei suoi vari procedimenti, é conforme o contraria a natura? (Rilievi critici a proposito di recenti pubblicazioni sull'argomento)$9(OLS)http://pul/title/62961 996 $6260$aTorino :$bL.I.C.E.$9(OLS)http://pul/publisher/51664